Alguna cosillas de Pito Pérez que se me quedaron en el tintero (Record no. 9670)

MARC details
000 -CABECERA
campo de control de longitud fija 00707nam a2200229 a 4500
001 - NÚMERO DE CONTROL
campo de control BRL_858
005 - FECHA Y HORA DE LA ÚLTIMA TRANSACCIÓN
campo de control 20190320210928.0
008 - DATOS DE LONGITUD FIJA--INFORMACIÓN GENERAL
campo de control de longitud fija 181013s1945----mx-a######---#000-0#spa-#
041 ## - CÓDIGO DE LENGUA
Código de lengua del texto/banda sonora o título independiente spa
044 ## - CÓDIGO DEL PAÍS DE LA ENTIDAD EDITORA/PRODUCTORA
Código MARC del país mx
050 #4 - SIGNATURA TOPOGRÁFICA DE LA BIBLIOTECA DEL CONGRESO
Número de clasificación PQ7297
Número de documento/Ítem .R66 1945
100 1# - ENTRADA PRINCIPAL--NOMBRE DE PERSONA
Nombre de persona Romero, José Ruben
Fechas asociadas al nombre 1890-1952
9 (RLIN) 25153
245 10 - MENCIÓN DE TÍTULO
Título Alguna cosillas de Pito Pérez que se me quedaron en el tintero
Mención de responsabilidad, etc. José Ruben Romero ; viñetas de Oscar Frías.
260 ## - PUBLICACIÓN, DISTRIBUCIÓN, ETC.
Lugar de publicación, distribución, etc. México
Nombre del editor, distribuidor, etc. [Pablo y Enrique González-Casanova]
Fecha de publicación, distribución, etc. 1945
300 ## - DESCRIPCIÓN FÍSICA
Extensión 46 p.
Otras características físicas il.
Dimensiones 21 cm.
440 #0 - MENCIÓN DE SERIE/PUNTO DE ACCESO ADICIONAL--TÍTULO
Título Colección Lunes
Designación de volumen o secuencia 7
9 (RLIN) 25154
500 ## - NOTA GENERAL
Nota general Au959
650 14 - PUNTO DE ACCESO ADICIONAL DE MATERIA--TÉRMINO DE MATERIA
Término de materia o nombre geográfico como elemento de entrada novela mexicana
Subdivisión cronológica Siglo XX
9 (RLIN) 23904
700 1# - PUNTO DE ACCESO ADICIONAL--NOMBRE DE PERSONA
Nombre de persona Frías, Oscar
9 (RLIN) 25155
902 ## - CATALOGADOR
Iniciales GRL
942 ## - ELEMENTOS DE PUNTO DE ACCESO ADICIONAL (KOHA)
Fuente del sistema de clasificación o colocación Library of Congress Classification
Tipo de ítem Koha Libros
Holdings
Estado de retiro Estado de pérdida Estado dañado No para préstamo Localización permanente Ubicación/localización actual Fecha de adquisición Número de inventario Total de préstamos Signatura topográfica completa Código de barras Fecha visto por última vez Precio válido a partir de Tipo de ítem Koha
El ejemplar forma parte de la colección y puede ser consultado según las políticas vigentes.       Biblioteca Centro de Estudios Ruth D. Lechuga Biblioteca Centro de Estudios Ruth D. Lechuga 18/10/2013 Au959   PQ7297 .R66 1945 (Au959) GRL00927 22/03/2019 22/03/2019 Libros